00590nam a2200217Ia 4500999001500000003000900015005001700024008004100041040001300082041000800095082001200103082001000115100001600125245003000141245003300171245002400204300000600228942000600234942000800240952012400248 c4800d4800IN-BhIIT20190804094214.0151211s9999 xx 000 0 und d aIN-BhIIT aeng a823.954 bGOP/T aGopal92505 4aThe Indian English Novel  b Nathan, History & Narration cby Priyamvada Gopal a1 02 cGEN 00104070aCLIITBBSbCLIITBBSd2015-12-11l2m1o823.954 GOP/Tp6350r2019-01-05 00:00:00s2018-12-05w2015-12-11yGEN